Leader xxxxxxxxxx
001 __ PCLIS00045285
005 __ 20221227132046.0
010 0_ |a978-986-287-795-1|b平裝|dNT$190
100 __ |a20121128d2012 m y0chiy09 e
101 0_ |achi
102 __ |atw
105 __ |aa z 000ay
200 1_ |a替死鬼|dScapegoat|zeng|f井士作|gekao插畫
205 __ |a初版
210 __ |a臺北市|c台灣國際角川|d2012[民101]
215 0_ |a257面|c圖, 彩色摺圖|d19公分
225 1_ |aKadokawa fantastic novels
300 __ |a作者號由t038補0, 由t561刪除
510 1_ |aScapegoat|zeng
681 __ |a857.7|b854
681 __ |a857.7|b8540 2012
700 _0 |a井士|4作
702 _0 |aekao|4插畫
801 _0 |atw|b內湖高中|c20121128|gCCR
801 _2 |atw|b內湖高中|c20221227|gCCR
|